000 00618nam a2200193Ia 4500
003 OSt
005 20250725172211.0
008 210423s1997 xx 000 0 und d
040 _cAL
041 _aEnglish
082 _a307.72
_bCEDB
100 _aGunnel Cederlof
_9110291
245 _aBonds lost
_b: subordination conflict and mobilisation in rural south india 1900-1970.
260 _aNew Delhi
_bManohar Publications
_c1997
300 _axi,275p.
_bHB
_c22x14.3cm.
365 _cINR
906 _a1900-1970 ; Bonds ; conflict ; India ; lost: ; mobilisation ; rural ; south ; subordination,
942 _2ddc
_cBK
999 _c172662
_d172662